15 najbardziej dotkniętych krajów Covid-19 - 20 maja - Statystyki

Ogólne statystyki
  • Ten quiz został rozwiązany 72 razy
  • Średni wynik to 12 z 25
Statystyki odpowiedzi
kraj % Poprawnych
Chiny
92%
Stany Zjednoczone
92%
Niemcy
88%
Włochy
83%
Rosja
82%
Francja
78%
Hiszpania
77%
Brazylia
75%
Kanada
70%
Indie
68%
Wielka Brytania
65%
Portugalia
43%
Iran
40%
Belgia
38%
Turcja
33%
Szwecja
32%
Irlandia
27%
Peru
25%
Białoruś
23%
Arabia Saudyjska
20%
Szwajcaria
17%
Katar
13%
Kuwejt
8%
Bahrajn
7%
Singapur
3%
Nie znaleziono quizów pasujących do podanych kryteriów
Rozkład punktacji
Procent ludzi z każdym wynikiem
Percentyl według liczby udzielonych odpowiedzi
Twoja historia wyników
Nie rozwiązałeś tego quizu